Řízení maloobchodních jednotek

Gespeichert in:
Bibliographische Detailangaben
1. Verfasser: Danihelka, Josef
Format: Buch
Sprache:Tschechisch
Veröffentlicht: Praha Merkur 1980
Tags: Tag hinzufügen
Keine Tags, Fügen Sie das erste Tag hinzu!

MARC

LEADER 00000nam a2200000 4500
001 c119393
005 20041019155214.0
041 0 |a cze 
044 |a CZ 
245 1 0 |a Řízení maloobchodních jednotek  |c Josef Danihelka a kol. 
264 1 |a Praha  |b Merkur  |c 1980 
300 |a 192 s. 
100 1 |a Danihelka, Josef